Estatísticas para Cultura Geral

Clique aqui para jogar o quiz

Estatísticas Gerais

  • Esse quiz foi jogado 47 vezes
  • A pontuação média é 5 de 15

Estatísticas das Respostas

HintResposta% Correto
Qual é a capital da Índia?Nova Deli
69%
Que símbolo da guerra fria na Alemanha caiu em 1989?Muro de Berlim
67%
Quem foi a primeira chanceler feminina na Alemanha?Angela Merkel
55%
Que revolução aconteceu na Inglaterra em 1770?Industrial
52%
Qual é a cidade mais populosa da Austrália?Sidney
52%
Qual é o maior osso da perna?Tíbia
52%
O que o K significa no K-pop?Korean
45%
Que país praticamente não teve inflação entre 1995 e 2020?Japão
36%
Em que país você encontraria a cidade de Tangier?Marrocos
21%
Que monge iniciou a Reforma Protestante?Martin Luther
17%
Que filme fez Macaulay Culkin famosoSozinho em Casa
14%
De que tipo de tecido o jeans azul normalmente é feito?Ganga
10%
De que país os bagels vêm originalmente?Polónia
10%
Qual foi a primeira sequência do filme Alien?Aliens
2%
O que anjos e santos têm em suas cabeças?Aurelolas
2%

Distribuição das Pontuações

Percentil de Números Respondidos

Porcentagem de Pessoas com Cada Pontuação

Sua Pontuação Histórica

Você não jogou esse quiz